Т. 156 : Кн. 3; Ученые записки Казанского университета

Detalhes bibliográficos
Parent link:Ученые записки Казанского университета: [сборник научных трудов]/ Казанский государственный университет (КГУ). Т. 156 : Кн. 3.— , 1909-
Idioma:russo
Publicado em: 2014
Colecção:Гуманитарные науки
Assuntos:
Formato: Livro
KOHA link:https://koha.lib.tpu.ru/cgi-bin/koha/opac-detail.pl?biblionumber=303586

MARC

LEADER 00000nam2a2200000 4500
001 303586
005 20241126063152.0
035 |a (RuTPU)RU\TPU\book\328809 
035 |a RU\TPU\book\301324 
035 |a RU\TPU\book\283220 
090 |a 303586 
100 |a 20150903d2014 k y0rusy50 ca 
101 0 |a rus 
102 |a RU 
105 |a y z 001zy 
200 0 |a Т. 156 : Кн. 3 
210 |d 2014 
215 |a 289 с. 
225 1 |a Гуманитарные науки 
320 |a Библиогр. в конце ст. 
461 1 |0 (RuTPU)RU\TPU\book\283219  |t Ученые записки Казанского университета  |o [сборник научных трудов]  |f Казанский государственный университет (КГУ)  |v Т. 156 : Кн. 3  |d 1909-  
606 1 |a Гуманитарные науки  |2 stltpush  |3 (RuTPU)RU\TPU\subj\67345  |9 83188 
606 |a Россия  |x История  |7 ca  |8 rus  |2 stltpush  |3 (RuTPU)RU\TPU\subj\64777  |9 81526 
606 1 |a Всеобщая история  |2 stltpush  |3 (RuTPU)RU\TPU\subj\3762 
606 1 |a Историография  |x Общие вопросы  |2 stltpush  |3 (RuTPU)RU\TPU\subj\52408  |9 70864 
610 1 |a археология 
610 1 |a средние века 
610 1 |a новейшее время 
610 1 |a история 
610 1 |a теория 
610 1 |a отечественная история 
610 1 |a военная история 
686 |a С  |v LBC/SL-A  |2 rubbk 
686 |a Т3(2)  |v LBC/SL-A  |2 rubbk 
686 |a Т3(0)  |v LBC/SL-A  |2 rubbk 
686 |a Т1  |v LBC/SL-A  |2 rubbk 
801 1 |a RU  |b 63413507  |c 20140514 
801 2 |a RU  |b 63413507  |c 20150911  |g RCR 
942 |c BK